College Writing Skills with readings

Bibliographic Details
Main Authors: Langan, John (Author), Albright, Zoe L. (Author)
Format: Book
Language:English
Published: New York : McGraw-Hill Education 2019
Edition:Tenth edition
Subjects:

MARC

LEADER 00000cam a2200000 7i4500
001 0000028507
005 20241122.0
008 190517 nyua eng
020 |a 9781260092028 
040 |a INS   |b eng   |e rda 
090 0 0 |a PE 1471   |b L34 2019 
100 1 |a Langan, John ,   |e author 
245 1 0 |a College Writing Skills with readings   |c John Langan, Zoe L. Albright 
250 |a Tenth edition 
264 1 |a New York :   |b McGraw-Hill Education   |c 2019 
264 4 |c ©2019 
300 |a xii, 792 pages :   |b colour illustrations, colour photograpghs ;   |c 23 cm. 
336 |a text  |2 rdacontent 
337 |a unmediated  |2 rdamedia 
338 |a volume  |2 rdacarrier 
500 |a Includes index 
650 0 |a English philology 
700 1 |a Albright, Zoe L. ,   |e author 
999 |a 1000003784   |b BOOK   |c Open Shelf   |e Default branch